000 00652nam a2200241Ia 4500
003 OSt
005 20221007065316.0
006 a|||||r|||| 00| 0
007 ta
008 221006b |||||||| |||| 00| 0 eng d
024 _a8,032
037 _cTextual
040 _aFLL
_cFLL
_beng
041 _2eng
_aeng
082 _aY:45:62.2, M3
100 _aChadha Kumkum Au.
_9686830
245 0 _aIndian jail a contemporary document
260 _aDelhi
_bVikas pub. house India
_c1983
300 _a251p
_ccm.
650 _aIndian jail
_9686831
942 _hY:45:62.2, M3
_cTEXL
_2CC
999 _c1136939
_d1136939